Sports Quiz

Random Sports or Tennis Quiz

French Open Men's Seeds (Since 2001) Quiz Stats

 Plays Quiz Updated Jun 7, 2018

Challenge
Share
Tweet
Embed
Score 0/288 Timer 08:00
1 Play Today
Year Player % Correct
2018Rafael Nadal
99.2%
2012Roger Federer
98.3%
2011Roger Federer
98.3%
2010Roger Federer
98.3%
2009Roger Federer
98.3%
2008Roger Federer
98.3%
2007Roger Federer
98.3%
2006Roger Federer
98.3%
2005Roger Federer
98.3%
2004Roger Federer
98.3%
2003Roger Federer
98.3%
2002Roger Federer
98.2%
2013Roger Federer
98.3%
2014Roger Federer
98.2%
2015Roger Federer
98%
2013Rafael Nadal
97.4%
2012Rafael Nadal
97.4%
2011Rafael Nadal
97.4%
2010Rafael Nadal
97.4%
2009Rafael Nadal
97.4%
2008Rafael Nadal
97.4%
2007Rafael Nadal
97.4%
2006Rafael Nadal
97.4%
2005Rafael Nadal
97.4%
2014Rafael Nadal
97.4%
2015Rafael Nadal
97%
2017Rafael Nadal
96.7%
2012Novak Djokovic
95.2%
2011Novak Djokovic
95.2%
2010Novak Djokovic
95.2%
2009Novak Djokovic
95.2%
2008Novak Djokovic
95.2%
2007Novak Djokovic
95.2%
2013Novak Djokovic
95.2%
2014Novak Djokovic
95.2%
2017Andy Murray
95.1%
2016Rafael Nadal
94.9%
2015Novak Djokovic
94.6%
2012Andy Murray
94.6%
2011Andy Murray
94.6%
2010Andy Murray
94.6%
2009Andy Murray
94.6%
2008Andy Murray
94.6%
2014Andy Murray
94.5%
2017Novak Djokovic
94.5%
2015Andy Murray
93.9%
2016Novak Djokovic
92.6%
2016Andy Murray
91.1%
2018Juan Martín del Potro
89.6%
2017Stan Wawrinka
85.2%
2005Andre Agassi
83.2%
2004Andre Agassi
83.2%
2003Andre Agassi
83.2%
2002Andre Agassi
83.2%
2001Andre Agassi
83.2%
2018Marin Čilić
82.6%
2010Andy Roddick
82.1%
2009Andy Roddick
82.1%
2007Andy Roddick
82.1%
2006Andy Roddick
82.1%
2005Andy Roddick
82.1%
2004Andy Roddick
82.1%
2003Andy Roddick
82.1%
2002Andy Roddick
82.1%
2012David Ferrer
81.4%
2011David Ferrer
81.4%
2010David Ferrer
81.4%
2009David Ferrer
81.4%
2008David Ferrer
81.4%
2007David Ferrer
81.4%
2006David Ferrer
81.4%
2013David Ferrer
81.4%
2016Stan Wawrinka
81.2%
2015Stanislas Wawrinka
81.2%
2001Pete Sampras
81.2%
2002Pete Sampras
81.2%
2014David Ferrer
81.2%
2011Stanislas Wawrinka
81%
2008Stanislas Wawrinka
81%
2013Stanislas Wawrinka
81%
2014Stanislas Wawrinka
80.9%
2017Jo-Wilfried Tsonga
80.4%
2015David Ferrer
79.2%
2018Dominic Thiem
78.7%
2017Kei Nishikori
78.4%
2009Jo-Wilfried Tsonga
78.4%
2013Jo-Wilfried Tsonga
78.4%
2012Jo-Wilfried Tsonga
78.4%
2010Jo-Wilfried Tsonga
78.4%
2018John Isner
78.3%
2014Jo-Wilfried Tsonga
78.1%
2015Jo-Wilfried Tsonga
77.5%
2016Jo-Wilfried Tsonga
77.1%
2017Milos Raonic
76.8%
2016David Ferrer
76.5%
2017Marin Čilić
75.9%
Year Player % Correct
2018Alexander Zverev
75.6%
2018Grigor Dimitrov
75.6%
2017Gaël Monfils
74.4%
2007Lleyton Hewitt
73.9%
2003Lleyton Hewitt
73.9%
2002Lleyton Hewitt
73.9%
2006Lleyton Hewitt
73.9%
2004Lleyton Hewitt
73.9%
2001Lleyton Hewitt
73.9%
2016Kei Nishikori
73.8%
2018Kevin Anderson
73.7%
2017Tomáš Berdych
72.6%
2016Milos Raonic
72%
2017Dominic Thiem
70.2%
2017Grigor Dimitrov
69.5%
2015Kei Nishikori
69.4%
2016Tomáš Berdych
68.8%
2016Marin Čilić
68.5%
2013Kei Nishikori
68.4%
2012Tomáš Berdych
68.4%
2011Tomáš Berdych
68.4%
2010Tomáš Berdych
68.4%
2008Tomáš Berdych
68.4%
2007Tomáš Berdych
68.4%
2013Tomáš Berdych
68.4%
2014Kei Nishikori
68.3%
2014Tomáš Berdych
68.1%
2018David Goffin
67.9%
2011Gaël Monfils
66.6%
2010Gaël Monfils
66.6%
2009Gaël Monfils
66.6%
2015Tomáš Berdych
66.6%
2012Juan Martín del Potro
65.2%
2009Juan Martín del Potro
65.2%
2016John Isner
65.1%
2015Gaël Monfils
65%
2012John Isner
64.5%
2014John Isner
64.2%
2017David Goffin
64.1%
2016Richard Gasquet
64%
2013Milos Raonic
62.8%
2017Alexander Zverev
62.8%
2014Milos Raonic
62.5%
2015John Isner
62.3%
2002Marat Safin
61%
2001Marat Safin
61%
2005Marat Safin
61%
2015Marin Čilić
60.9%
2010Marin Čilić
60.2%
2009Marin Čilić
60.2%
2013Marin Čilić
60.2%
2011Richard Gasquet
58.5%
2007Richard Gasquet
58.5%
2013Richard Gasquet
58.5%
2016Dominic Thiem
58.3%
2014Richard Gasquet
58%
2018Kyle Edmund
57.4%
2018Sam Querrey
57.1%
2016David Goffin
56.4%
2005Tim Henman
56.3%
2004Tim Henman
56.3%
2002Tim Henman
56.3%
2001Tim Henman
56.3%
2003Gustavo Kuerten
55.1%
2002Gustavo Kuerten
55.1%
2001Gustavo Kuerten
55.1%
2018Jack Sock
54.7%
2016Gilles Simon
53.5%
2011Robin Söderling
53.1%
2010Robin Söderling
53.1%
2015Grigor Dimitrov
52.7%
2014Grigor Dimitrov
52.4%
2018Roberto Bautista Agut
51.8%
2017Jack Sock
51.7%
2018Lucas Pouille
51.5%
2008David Nalbandian
50%
2007David Nalbandian
50%
2006David Nalbandian
50%
2003David Nalbandian
50%
2005David Nalbandian
50%
2004David Nalbandian
50%
2013Gilles Simon
49.3%
2012Gilles Simon
49.3%
2009Gilles Simon
49.3%
2002Tommy Haas
49.1%
2013Tommy Haas
49.1%
2015Gilles Simon
48.7%
2014Tommy Haas
48.5%
2017Lucas Pouille
48.4%
2009Nikolay Davydenko
48.2%
2008Nikolay Davydenko
48.2%
2006Nikolay Davydenko
48.2%
2007Nikolay Davydenko
48.2%
2005Nikolay Davydenko
48.2%
2009James Blake
47.9%
2008James Blake
47.9%
Year Player % Correct
2007James Blake
47.9%
2006James Blake
47.9%
2018Diego Schwartzman
47%
2004Juan Carlos Ferrero
46.8%
2003Juan Carlos Ferrero
46.8%
2002Juan Carlos Ferrero
46.8%
2001Juan Carlos Ferrero
46.8%
2010Juan Carlos Ferrero
46.8%
2008Marcos Baghdatis
44.9%
2007Marcos Baghdatis
44.9%
2015Kevin Anderson
44.2%
2012Fernando Verdasco
42.2%
2011Fernando Verdasco
42.2%
2010Fernando Verdasco
42.2%
2009Fernando Verdasco
42.2%
2002Yevgeny Kafelnikov
41%
2001Yevgeny Kafelnikov
41%
2008Carlos Moyá
40.7%
2005Carlos Moyá
40.7%
2004Carlos Moyá
40.7%
2003Carlos Moyá
40.7%
2011Mardy Fish
40.7%
2012Feliciano López
40.6%
2015Feliciano López
40.1%
2010Fernando González
39.6%
2009Fernando González
39.6%
2007Fernando González
39.6%
2006Fernando González
39.6%
2004Fernando González
39.6%
2014Fabio Fognini
39.3%
2016Roberto Bautista Agut
39.3%
2012Janko Tipsarević
39.2%
2013Janko Tipsarević
39.2%
2001Patrick Rafter
36%
2011Mikhail Youzhny
35.8%
2010Mikhail Youzhny
35.8%
2008Mikhail Youzhny
35.8%
2007Mikhail Youzhny
35.8%
2018Pablo Carreño Busta
35.4%
2014Mikhail Youzhny
35.3%
2012Nicolás Almagro
33.5%
2011Nicolás Almagro
33.5%
2013Nicolás Almagro
33.5%
2005Guillermo Coria
32.2%
2004Guillermo Coria
32.2%
2003Guillermo Coria
32.2%
2006Gastón Gaudio
32%
2005Gastón Gaudio
32%
2013Philipp Kohlschreiber
31.5%
2011Jürgen Melzer
31.3%
2010Ivan Ljubičić
31.2%
2006Ivan Ljubičić
31.2%
2005Ivan Ljubičić
31.2%
2007Ivan Ljubičić
31.2%
2009Tommy Robredo
30.8%
2008Tommy Robredo
30.8%
2007Tommy Robredo
30.8%
2006Tommy Robredo
30.8%
2005Tommy Robredo
30.8%
2004Tommy Robredo
30.8%
2011Viktor Troicki
28.9%
2012Alexandr Dolgopolov
28.6%
2002Thomas Johansson
27%
2004Sébastien Grosjean
25.9%
2003Sébastien Grosjean
25.9%
2002Sébastien Grosjean
25.9%
2001Sébastien Grosjean
25.9%
2003Albert Costa
25.7%
2012Juan Mónaco
25.3%
2008Juan Mónaco
25.3%
2006Mario Ančić
25.1%
2001Magnus Norman
24.9%
2006Radek Štěpánek
24.7%
2005Radek Štěpánek
24.7%
2006Jarkko Nieminen
21.8%
2003Àlex Corretja
20.1%
2001Àlex Corretja
20.1%
2006Nicolas Kiefer
19.7%
2001Arnaud Clément
19.6%
2001Thomas Enqvist
18.8%
2004Paradorn Srichaphan
17.3%
2003Paradorn Srichaphan
17.3%
2005Guillermo Cañas
17.2%
2002Guillermo Cañas
17.2%
2004Rainer Schüttler
17.1%
2003Rainer Schüttler
17.2%
2005Dominik Hrbatý
17%
2004Nicolás Massú
16.9%
2003Jiří Novák
16.4%
2002Jiří Novák
16.4%
2004Jiří Novák
16.4%
2002Younes El Aynaoui
13.2%
2003Sjeng Schalken
13%
2008Paul-Henri Mathieu
11.7%
2001Franco Squillari
7.8%
2001Jan-Michael Gambill
7.2%

You're not logged in!

Compare scores with friends on all Sporcle quizzes.
Join for Free
OR
Log In

You Might Also Like...

Show Comments

Extras

Top Quizzes Today


Score Distribution

Your Account Isn't Verified!

In order to create a playlist on Sporcle, you need to verify the email address you used during registration. Go to your Sporcle Settings to finish the process.

Report this User

Report this user for behavior that violates our Community Guidelines.

Details: